Lógica, metafísica, fenomenología

Salvato in:
Dettagli Bibliografici
Autore principale: Maza Samhaber, Luis Mariano de la (autor)
Natura: Libro
Lingua:spagnolo
Pubblicazione: Santiago Universidad Católica de Chile 2004
Soggetti:
Tags: Aggiungi Tag
Nessun Tag, puoi essere il primo ad aggiungerne!!

MARC

LEADER 00000cam a2200000 a 4500
001 UCL6342
003 CL-VaPUC
005 20240820103302.0
008 040402e20040000CL |||||||||||||||||spa|d
999 |c 308455  |d 308453 
020 |a 9561406977 
040 |c Pontificia Universidad Católica de Valparaíso 
082 0 4 |a 193  |b MAZ  |2 21 
100 |a Maza Samhaber, Luis Mariano de la  |e autor  |9 483993 
245 1 0 |a Lógica, metafísica, fenomenología 
246 1 3 |a La fenomenología del espíritu de Hegel como introducción a la filosofía especulativa 
260 |a Santiago  |b Universidad Católica de Chile  |c 2004 
300 |a 193 p 
583 |a last modification  |c 20120717 01:46:45  |k Rodrigo Vera 
600 0 |a Hegel, Georg Wilhelm Friedrich  |d 1770-1831  |9 860268 
650 0 |a Filosofía alemana   |9 265002 
650 0 |a Fenomenología  |9 256519 
650 0 |a Lógica  |9 256849 
650 0 |a Metafísica  |9 265649 
942 |c BK  |2 ddc 
945 |d 20040402 00:00:00  |a cmena 
952 |0 0  |1 0  |4 0  |6 193_000000000000000_MAZ_2004  |7 0  |8 A  |9 374984  |a BIBEDU  |b BIBEDU  |d 2019-11-21  |i 4032861  |o 193 MAZ 2004  |p 4032861  |r 2019-11-21  |w 2019-11-21  |y BK  |k FIL 
952 |0 0  |1 0  |4 0  |6 193_000000000000000_MAZ_2004  |7 0  |8 A  |9 374985  |a BIBING  |b BIBING  |d 2019-11-21  |i 487532K  |o 193 MAZ 2004  |p 487532K  |r 2023-03-02  |w 2019-11-21  |y BK  |k CUI